000 00572nam a22001937a 4500
003 OSt
005 20240530110421.0
008 150311s2000 uk ao f 001 0 eng d
020 _a1860645275
040 _aEG-CaGPL
_cEG-CaGPL
082 0 4 _221
_a932
_bCC/M R
245 0 4 _aThe royal gold of ancient Egypt /
_cHans Wolfgang Müller, Eberhard Thiem ; [traduzione di] Pierre Imhoff
260 _aLondon :
_bI.B. Tauris ;
_c1999
300 _a256 p. :
_bill. ;
_c33 cm.
650 0 _aancient egypt
700 1 _aThiem, Eberhard
700 1 _aImhoff, Pierre
942 _2ddc
_cBK
999 _c60664
_d60664